A sport és a mentális egészség kapcsolata egyetemi hallgatók körében [absztrakt] /

Elmentve itt :
Bibliográfiai részletek
Szerzők: Szabó Luca
Lescsinszky Beatrix
Pikó Bettina
Testületi szerző: XXI. Pedagógiai Értékelési Konferencia
Dokumentumtípus: Könyv része
Megjelent: Szegedi Tudományegyetem, Neveléstudományi Doktori Iskola Szeged 2025
Sorozat:Pedagógiai Értékelési Konferencia 21
Kulcsszavak:Mentális egészség - egyetemistáké - előadáskivonat, Sport - előadáskivonat, Pedagógiai kutatás - előadáskivonat
Tárgyszavak:
Online Access:http://acta.bibl.u-szeged.hu/87293
LEADER 01093naa a2200253 i 4500
001 acta87293
005 20250507110021.0
008 250507s2025 hu o 100 hun d
020 |a 978-963-688-042-2 
040 |a SZTE Egyetemi Kiadványok Repozitórium  |b hun 
041 |a hun 
100 1 |a Szabó Luca 
245 1 2 |a A sport és a mentális egészség kapcsolata egyetemi hallgatók körében   |h [elektronikus dokumentum] :  |b [absztrakt] /  |c  Szabó Luca 
260 |a Szegedi Tudományegyetem, Neveléstudományi Doktori Iskola  |b Szeged  |c 2025 
300 |a 63 
490 0 |a Pedagógiai Értékelési Konferencia  |v 21 
650 4 |a Társadalomtudományok 
650 4 |a Pszichológia 
650 4 |a Oktatástudomány 
695 |a Mentális egészség - egyetemistáké - előadáskivonat, Sport - előadáskivonat, Pedagógiai kutatás - előadáskivonat 
700 0 1 |a Lescsinszky Beatrix  |e aut 
700 0 1 |a Pikó Bettina  |e aut 
711 |a XXI. Pedagógiai Értékelési Konferencia  |c Szeged  |d 2025. április 10-12. 
856 4 0 |u http://acta.bibl.u-szeged.hu/87293/1/pek_2025_063.pdf  |z Dokumentum-elérés